Plastics materials (Record no. 81987)

MARC details
000 -LEADER
fixed length control field 00709nam a2200181 a 4500
008 - FIXED-LENGTH DATA ELEMENTS--GENERAL INFORMATION
fixed length control field 120416s1995 ||||||||||||||||| || u
020 ## - INTERNATIONAL STANDARD BOOK NUMBER
International Standard Book Number 0750618647
050 ## - LIBRARY OF CONGRESS CALL NUMBER
Classification number TP 1120 Bry
100 ## - MAIN ENTRY--PERSONAL NAME
Personal name Brydson, J. A
245 10 - TITLE STATEMENT
Title Plastics materials
250 ## - EDITION STATEMENT
Edition statement 6th ed.
260 ## - PUBLICATION, DISTRIBUTION, ETC.
Place of publication, distribution, etc. Oxford
Name of publisher, distributor, etc. Butterworth-Heinemann
Date of publication, distribution, etc. 1995
300 ## - PHYSICAL DESCRIPTION
Extent xxvii, 896p. : ill.
350 ## -
-- 0.00
650 ## - SUBJECT ADDED ENTRY--TOPICAL TERM
Topical term or geographic name entry element PLASTICS
995 ## -
-- ANNEX COLLECTION (Main Library)
-- 0.00
-- 730560
-- CBU-MAIN LIBRARY (Kitwe)
-- 2
-- 0.00
-- TP 1120 Bry
-- 2
-- AVAILABLE
-- 027522
-- Annex Low-Usage Collection
995 ## -
-- MAIN LIBRARY OPEN ACCESS
-- 0.00
-- 731121
-- CBU-MAIN LIBRARY (Kitwe)
-- 1
-- 0.00
-- TP 1120 Bry
-- 1
-- AVAILABLE
-- 028055
-- Main Library Open Access Collection
999 ## -
-- 81987
-- 81987
Holdings
Withdrawn status Lost status Source of classification or shelving scheme Damaged status Not for loan Permanent Location Current Location Shelving location Date acquired Total Checkouts Full call number Barcode Date last seen Copy number Price effective from Koha item type
          CBU-MAIN LIBRARY, KITWE. CBU-MAIN LIBRARY, KITWE.   09/12/2023   TP 1120 Bry 027522 09/12/2023 1 09/12/2023 MONOGRAPH
          CBU-MAIN LIBRARY, KITWE. CBU-MAIN LIBRARY, KITWE.   09/12/2023   TP 1120 Bry 028055 09/12/2023 2 09/12/2023 MONOGRAPH